Landen met meer dan 15 miljoen inwoners. - Statistieken

Algemene statistieken
  • Deze quiz is 34 keer genomen
  • De gemiddelde score is 3 van 16
Answers on the Grid
Answers color-coded by a green-red scale on the quiz's grid according to % correct below.
Bejing
Londen
Istanbul
Washington D.C.
Dhaka
Jakarta
New York City
Karachi
Parijs
Lubumbashi
Tokio
Guangzhou
Miami
São Palao
Rio de Janeiro
Shuanghai
Mexico City
Los Angeles
Mumbai
Madrid
Seoul
Kaapstad
New Delhi
Ouagadougou
Bangkok
Hongkong
Kinshasa
Guangzhou
Manila
Dubai
 
Antwoordstatistieken
Antwoord % Correct
Bejing
73%
Guangzhou
45%
Dhaka
27%
Guangzhou
27%
Shuanghai
27%
Karachi
18%
Mexico City
18%
Istanbul
9%
Tokio
9%
Bangkok
0%
Jakarta
0%
Manila
0%
Mumbai
0%
New Delhi
0%
São Palao
0%
Seoul
0%
Geen overeenkomende quizzen gevonden
Scoreverdeling
Procent van Mensen met Elke Score
Percentiel versus Aantal Correcte Antwoorden
Uw Scoregeschiedenis
U heeft deze quiz nog niet genomen